Portugal in the Eurovision Song Contest - Statistics

General Stats
  • This quiz has been taken 18 times
    3 since last reset
  • The average score is 7 of 57
Answer Stats
Answer % Correct
Grito
100%
Amar pelos dois
67%
Deslocado
67%
Love Is On My Side
67%
O jardim
67%
Quero ser tua
67%
Rosa
67%
Saudade, saudade
67%
Ai coração
33%
Há um mar que nos separa
33%
Telemóveis
33%
A cidade até ser dia
0%
A festa da vida
0%
A luta é alegria
0%
Amar
0%
Amor d'água fresca
0%
Antes do adeus
0%
Baunilha e chocolate
0%
Bem bom
0%
Chamar a música
0%
Coisas de nada
0%
Como tudo começou
0%
Conquistador
0%
Dai li dou
0%
Dança comigo
0%
Deixa-me sonhar
0%
Desfolhada portuguesa
0%
E depois do adeus
0%
Ele e ela
0%
Esta balada que te dou
0%
Foi magia
0%
Há dias assim
0%
Há sempre alguém
0%
Lusitana paixão
0%
Madrugada
0%
Menina do alto da serra
0%
Não sejas mau p'ra mim
0%
Neste barco à vela
0%
O meu coração não tem cor
0%
Oração
0%
O vento mudou
0%
Penso em ti, eu sei
0%
Playback
0%
Portugal no coração
0%
Se eu te pudesse abraçar
0%
Senhora do mar (negras águas)
0%
Silêncio e tanta gente
0%
Sobe, sobe, balão sobe
0%
Sol de inverno
0%
Só sei ser feliz assim
0%
Todas as ruas do amor
0%
Tourada
0%
Uma flor de verde pinho
0%
Um grande, grande amor
0%
Verão
0%
Vida minha
0%
Voltarei
0%
No matching quizzes found
Score Distribution
Percent of People with Each Score
Percentile by Number Answered
Your Score History
You have not taken this quiz since the last reset